| 000 | 00874nam a2200193 u 4500 | ||
|---|---|---|---|
| 001 | 000596870 | ||
| 003 | AM-YeHGA | ||
| 005 | 20250617141805.0 | ||
| 008 | 080902s1958 ||| r 000 0 rus d | ||
| 040 | _aAM-YeHGA | ||
| 041 | 0 | _arus | |
| 245 | 0 | 0 |
_aНормы расхода запасных частей на ремонт экскаваторов / _cРосглавтяжмашснабсбыт при госплане РСФСР; Всесоюзная техническая контора контора "Союзстроймехзапчасть". |
| 260 |
_aМосква : _bБ.и., _c1958. |
||
| 300 |
_a332 с. : _bтабл. |
||
| 653 | 0 | _aЭкскаваторы - Ремонт | |
| 653 | 0 | _aНормы на расхода запасных частей | |
| 710 | 2 | _aРосглавтяжмашснабсбыт при госплане РСФСР | |
| 090 | _c246940 | ||
| 999 |
_c245354 _d245354 |
||